000 01269cam a2200325 4500
001 sa 68018667
003 DLC
005 20260227112713.0
008 711129s1967 ii a b 000 0 eng
010 _asa 68018667
025 _aPL480:I-E-10031
040 _aDLC
_cDLC
_dDLC
041 0 _aengtel
043 _aa-ii---
050 0 0 _aPK2931
_b.A6
100 1 _aApparao, P. S. R.
_q(Ponangi Sri Rama),
_d1923-
240 1 0 _aNāṭya śāstramu
245 1 2 _aA monograph on Bharata's Naatya saastra, Indian dramatology.
_cTelugu original: P. S. R. Appa Rao. English Translation: P. S. R. Appa Rao [and] P. Sri Rama Sastry.
260 _a[Hyderabad,
_bNaatya Maala Publishers; copies can be had of P. Sambasiva Rao, Hyderabad,
_c1967]
300 _ax, 184 p.
_billus.
_c25 cm.
350 _a15.00
_a($2.00)
500 _a"A Naatya Maala publication."
500 _aBased on Bharata Muni's Bhāratīyanāṭyaśāstra, and Abhinavagupta's Abhinavabhārati.
504 _aIncludes bibliographical references.
650 0 _aSanskrit drama
_xHistory and criticism.
650 0 _aTheater
_zIndia.
700 0 _aBharata Muni.
_tNāṭyaśāstra.
700 0 _aAbhinavagupta,
_cRājānaka.
_tAbhinavabhārati.
700 1 _aSri Rama Sastry, P.
_q(Paturi),
_d1915-
_etr.
999 _c88571
_d88571